Islamic culture / (Record no. 21185)

MARC details
000 -LEADER
fixed length control field 02917cas a2200673 a 4500
001 - CONTROL NUMBER
control field 11141218
003 - CONTROL NUMBER IDENTIFIER
control field BDDh-ASL
005 - DATE AND TIME OF LATEST TRANSACTION
control field 20231015025956.0
008 - FIXED-LENGTH DATA ELEMENTS--GENERAL INFORMATION
fixed length control field 751101d19272004ii qr p 0 a0eng
010 ## - LIBRARY OF CONGRESS CONTROL NUMBER
LC control number 42044281
016 ## - NATIONAL BIBLIOGRAPHIC AGENCY CONTROL NUMBER
Record control number (AMICUS)000000950848
016 7# - NATIONAL BIBLIOGRAPHIC AGENCY CONTROL NUMBER
Record control number 000266310
Source IsJJNL
022 ## - INTERNATIONAL STANDARD SERIAL NUMBER
International Standard Serial Number 0021-1834
ISSN-L 0021-1834
Source z
035 ## - SYSTEM CONTROL NUMBER
System control number (OCoLC)ocm01774508
037 ## - SOURCE OF ACQUISITION
Source of stock number/acquisition Islamic Culture Board, P.O. Box no. 171, Opp. Osmania University P.O., Hyderabad, A.P. 500 007, India
040 ## - CATALOGING SOURCE
Original cataloging agency DLC
Language of cataloging eng
Transcribing agency MUL
Modifying agency YUS
-- OCL
-- IUL
-- NYS
-- AIP
-- DLC
-- NST
-- DLC
-- HUL
-- OCL
-- DLC
-- GUA
-- OCLCQ
-- ZCU
-- CUI
-- HLS
-- OCLCQ
-- OCLCG
-- OCLCQ
-- DLC
-- OCLCQ
-- IUL
-- J9U
-- OCLCF
-- OCLCO
-- CGU
-- NLC
-- AVA
-- OCLCQ
-- OCLCA
-- OCLCQ
-- IL4J6
-- OCLCO
-- BDDh-ASL
042 ## - AUTHENTICATION CODE
Authentication code nsdp
-- pcc
050 00 - LIBRARY OF CONGRESS CALL NUMBER
Classification number DS36
Item number .I74
082 04 - DEWEY DECIMAL CLASSIFICATION NUMBER
Classification number 297.306
Item number PII
210 0# - ABBREVIATED TITLE
Abbreviated title Islam. cult.
222 #0 - KEY TITLE
Key title Islamic culture
245 00 - TITLE STATEMENT
Title Islamic culture /
260 ## - PUBLICATION, DISTRIBUTION, ETC.
Place of publication, distribution, etc. Hyderabad, Deccan :
Name of publisher, distributor, etc. [publisher not identified],
Date of publication, distribution, etc. 1927-©2004]
300 ## - PHYSICAL DESCRIPTION
Extent 179 p. :
Other physical details plates (some color) ;
Dimensions 21 cm.
310 ## - CURRENT PUBLICATION FREQUENCY
Current publication frequency Quarterly
336 ## - CONTENT TYPE
Content type term text
Content type code txt
Source rdacontent
337 ## - MEDIA TYPE
Media type term unmediated
Media type code n
Source rdamedia
338 ## - CARRIER TYPE
Carrier type term volume
Carrier type code nc
Source rdacarrier
362 0# - DATES OF PUBLICATION AND/OR SEQUENTIAL DESIGNATION
Dates of publication and/or sequential designation Vol. 1, no. 1 (Jan. 1927)-v. 78, no. 4 (Oct. 2004).
500 ## - GENERAL NOTE
General note Editors: -Oct. 1936, Marmaduke Pickthall; Jan. 1937- Oct. 1938, Muhammad Asad-Weiss.
500 ## - GENERAL NOTE
General note Subtitle varies: <1927-1947>, The Hyderabad quarterly review; <1948->, An English quarterly.
530 ## - ADDITIONAL PHYSICAL FORM AVAILABLE NOTE
Additional physical form available note Also issued on microfilm.
550 ## - ISSUING BODY NOTE
Issuing body note Issued by: Islamic Culture Board, <1985->; by: Academic and Cultural Publications Charitable Trust (Hyderabad, India), <199-->
555 ## - CUMULATIVE INDEX/FINDING AIDS NOTE
Cumulative index/finding aids note Vol. 1 (1927)-v. 4 (1930), with v. 4.; 1927-1980. 1 v.
590 ## - LOCAL NOTE (RLIN)
Local note SERBIB/SERLOC merged record
650 #0 - SUBJECT ADDED ENTRY--TOPICAL TERM
Topical term or geographic name entry element Islam
Form subdivision Periodicals.
650 #0 - SUBJECT ADDED ENTRY--TOPICAL TERM
Topical term or geographic name entry element Islamic civilization
Form subdivision Periodicals.
650 #7 - SUBJECT ADDED ENTRY--TOPICAL TERM
Topical term or geographic name entry element Islam.
Source of heading or term fast
Authority record control number or standard number (OCoLC)fst00979776
650 #7 - SUBJECT ADDED ENTRY--TOPICAL TERM
Topical term or geographic name entry element Islamic civilization.
Source of heading or term fast
Authority record control number or standard number (OCoLC)fst01730294
650 #7 - SUBJECT ADDED ENTRY--TOPICAL TERM
Topical term or geographic name entry element Islam
Form subdivision Periodicals.
Source of heading or term nli
650 #7 - SUBJECT ADDED ENTRY--TOPICAL TERM
Topical term or geographic name entry element Islamic civilization
Form subdivision Periodicals.
Source of heading or term nli
655 07 - INDEX TERM--GENRE/FORM
Genre/form data or focus term Periodicals.
Source of term aat
655 #7 - INDEX TERM--GENRE/FORM
Genre/form data or focus term Periodicals.
Source of term fast
Authority record control number or standard number (OCoLC)fst01411641
700 1# - ADDED ENTRY--PERSONAL NAME
Personal name Pickthall, Marmaduke,
Dates associated with a name 1875-1936.
700 1# - ADDED ENTRY--PERSONAL NAME
Personal name Asad, Muhammad,
Dates associated with a name 1900-1992.
710 2# - ADDED ENTRY--CORPORATE NAME
Corporate name or jurisdiction name as entry element Islamic Culture Board.
710 2# - ADDED ENTRY--CORPORATE NAME
Corporate name or jurisdiction name as entry element Academic and Cultural Publications Charitable Trust (Hyderabad, India)
776 08 - ADDITIONAL PHYSICAL FORM ENTRY
Relationship information Microfiche version:
Title Islamic culture
Record control number (OCoLC)28527238
776 08 - ADDITIONAL PHYSICAL FORM ENTRY
Relationship information Microfilm version:
Title Islamic culture
Record control number (OCoLC)8258098
776 08 - ADDITIONAL PHYSICAL FORM ENTRY
Relationship information Online version:
Title Islamic culture
Record control number (OCoLC)561725945
776 08 - ADDITIONAL PHYSICAL FORM ENTRY
Relationship information Online version:
Title Islamic culture
Record control number (OCoLC)592829800
776 08 - ADDITIONAL PHYSICAL FORM ENTRY
Relationship information Online version:
Title Islamic culture
Record control number (OCoLC)604437573
906 ## - LOCAL DATA ELEMENT F, LDF (RLIN)
a 7
b cbc
c serials
d 3
e ncip
f 19
g n-oclcserc
942 ## - ADDED ENTRY ELEMENTS (KOHA)
Source of classification or shelving scheme Dewey Decimal Classification
Koha item type Books
Holdings
Withdrawn status Lost status Source of classification or shelving scheme Damaged status Not for loan Collection code Home library Current library Shelving location Date acquired Source of acquisition Total Checkouts Full call number Barcode Date last seen Copy number Price effective from Koha item type Public note
    Dewey Decimal Classification   Not For Loan Non-fiction Asiatic Society Library Asiatic Society Library General Stacks 01/25/2021 Prof. Azizul Haq and Prof. Husniara Huq Collections   297.306 PII 104870 01/25/2021 C-1 01/25/2021 Books RARE

Powered by Koha